Every Song by Ambrosia - Statistics

General Stats
  • This quiz has been taken 2 times
  • The average score is 7 of 50
Answer Stats
Album Song % Correct
Life Beyond L.A.(1978) Life Beyond L.A.
100%
Somewhere I've Never Travelled(1976) Somewhere I've Never Travelled
100%
Somewhere I've Never Travelled(1976) And...
50%
One Eighty(1980) Biggest Part of Me
50%
Ambrosia(1975) Drink of Water
50%
Non-Album(1980) Feels So Good to Win
50%
Ambrosia(1975) Holdin' on to Yesterday
50%
Life Beyond L.A.(1978) How Much I Feel
50%
Ambrosia(1975) Mama Frog
50%
Ambrosia(1975) Nice, Nice, Very Nice
50%
Non-Album(1981) Outside
50%
Ambrosia(1975) Time Waits for No One
50%
Life Beyond L.A.(1978) Angola
0%
Life Beyond L.A.(1978) Apothecary
0%
Life Beyond L.A.(1978) Art Beware
0%
Somewhere I've Never Travelled(1976) Can't Let a Woman
0%
Somewhere I've Never Travelled(1976) Cowboy Star
0%
One Eighty(1980) Cryin' in the Rain
0%
Life Beyond L.A.(1978) Dancin' by Myself
0%
Somewhere I've Never Travelled(1976) Danse With Me George (Chopin's Plea)
0%
Road Island(1982) Endings
0%
Road Island(1982) Feelin' Alive Again
0%
Road Island(1982) Fool Like Me
0%
Road Island(1982) For Openers (Welcome Home)
0%
Somewhere I've Never Travelled(1976) Harvey
0%
Life Beyond L.A.(1978) Heart to Heart
0%
Road Island(1982) How Can You Love Me
0%
Road Island(1982) Ice Age
0%
Life Beyond L.A.(1978) If Heaven Could Find Me
0%
Anthology(1997) I Just Can't Let Go
0%
Somewhere I've Never Travelled(1976) I Wanna Know
0%
One Eighty(1980) Kamikaze
0%
Road Island(1982) Kid No More
0%
One Eighty(1980) Livin' on My Own
0%
Ambrosia(1975) Lover Arrive
0%
Ambrosia(1975) Make Us All Aware
0%
Anthology(1997) Mama Don't Understand
0%
One Eighty(1980) No Big Deal
0%
Life Beyond L.A.(1978) Not as You Were
0%
One Eighty(1980) Ready
0%
Life Beyond L.A.(1978) Ready for Camarillo
0%
One Eighty(1980) Rock n' a Hard Place
0%
Somewhere I've Never Travelled(1976) Runnin' Away
0%
One Eighty(1980) Shape I'm In
0%
Anthology(1997) Sky Is Falling
0%
Road Island(1982) Still Not Satisfied
0%
Somewhere I've Never Travelled(1976) The Brunt
0%
Somewhere I've Never Travelled(1976) We Need You Too
0%
Ambrosia(1975) World Leave Me Alone
0%
One Eighty(1980) You're the Only Woman (You & I)
0%
No matching quizzes found
Score Distribution
Percent of People with Each Score
Percentile by Number Answered
Your Score History
You have not taken this quiz